Masías de la comarca de Osona
Publicado:
San Jorge, núm. 74 (2n trimestre 1969), pàg 20 - 31 :
Materias:
Masos, masies, etc. -- Osona
MARC
| LEADER | 00000nam a2200000Ia 4500 | ||
|---|---|---|---|
| 001 | |||
| 008 | 160829s9999 xx 000 0 cat d | ||
| 245 | |a Masías de la comarca de Osona | ||
| 260 | |a San Jorge, núm. 74 (2n trimestre 1969), pàg 20 - 31 | ||
| 590 | |a Conté 11 fotografies | ||
| 650 | |a Masos, masies, etc. |x Osona |9 40268 | ||
| 901 | |a Arxiu | ||
| 942 | |n 1 | ||
| 952 | |0 0 |1 0 |4 0 |7 1 |9 49538 |a Arxiu |b Arxiu |d 2016-12-01 |l 0 |r 2016-12-01 00:00:00 |w 2016-12-01 |y ARXIU | ||
| 999 | |c 53380 |d 53380 | ||